000 00910nam a2200265 a 4500
005 20070625182436.0
008 061106s2008 maua 001 0 eng
010 _aENG-91762
020 _a9780070221628
_c410.00
020 _a0070221626
_c410.00
035 _aEN-75295
037 _bDBAD / PUB
040 _adpl
_bEnglish
082 _a657.42
100 _aJawahar Lal
245 _aCost accounting /
_cby Jawahar Lal [and] Seema Srivastava
250 _a4th ed
260 _aNew Delhi
_bTata McGraw-Hill Publishing
_c2009
300 _axxiii, 1017p.
_c26 cm (pbk)
500 _aIncludes index.
650 _aCost accounting
700 _aSrivastava, Seema
942 _2ddc
_cEN
_mJAW
_h657.42
999 _c19027
_d19027